| 000 | 00685nam a22001937a 4500 | ||
|---|---|---|---|
| 999 |
_c6798 _d6798 |
||
| 003 | GBCCL | ||
| 005 | 20241126110611.0 | ||
| 008 | 180628b ||||| |||| 00| 0 eng d | ||
| 020 | _a0830715894 | ||
| 040 | _cgbc | ||
| 082 |
_a268.432 _bHAY |
||
| 100 |
_aHaystead, Sheryl _912184 |
||
| 245 |
_aSunday School promo pages: _bReproducible advice, answers and articles on how to build strong and healthy Sunday School at your Church / _cWes & Sheryl Haystead |
||
| 260 |
_aVentura: _bGospel Light, _c1993 |
||
| 300 |
_a248 p.; _bill., _c28 cm. |
||
| 650 |
_aSunday schools _xChristian education of children _912188 |
||
| 650 |
_aChristian education _xTeacher training _95464 |
||
| 942 |
_2ddc _cBK |
||